000 00635nam a2200193 i 4500
001 81480
003 ES-MaACL
005 20230906174439.0
007 t|
008 041104s1950 xxu ||||1| eng d
100 1 _aHurlbut, Gladys.
_964770
245 1 0 _aNext week. lynne! /
_cby Gladys Hurlbut ; introduction by Howard Lindsay and Russel Crouse ; postcript by Dorothy Stickney.
260 _aNew York :
_bE. P. Dutton,
_c1950 (
_fStratford)
300 _a254 p. ;
_c21 cm.
700 1 _aLindsay, Howard.
_972418
700 1 _aCrouse, Russel.
_941732
700 1 _aStickney, Dorothy.
_9108199
852 _aES-MaACL
_jC-25031
_bR.53681
999 _c81480
_d81480